| 000 | 00762nam a2200205Ia 4500 | ||
|---|---|---|---|
| 003 | OSt | ||
| 005 | 20260428120622.0 | ||
| 008 | 210210b1989 xxu||||| |||| 00| 0 eng d | ||
| 040 | _cAL | ||
| 041 | _aKannada | ||
| 082 | _aK894.9 GIRS | ||
| 100 |
_a.GIRADDI GOVINDARAJA _9150906 _dಗಿರಡ್ಡಿ ಗೋವಿಂದರಾಜ , Samp |
||
| 245 |
_aSahitya paribhashika pustaka male : Astitvavada _bಸಾಹಿತ್ಯ ಪರಿಭಾಶಿಕ ಪುಸ್ತಕ ಮಾಲೆ : ಅಸ್ತಿತ್ವವಾದ |
||
| 260 |
_aBengaluru _bKarnataka Sahitya Akademi _c1989 |
||
| 300 | _avii,160 | ||
| 690 |
_aKannada Criticism _9150907 |
||
| 700 |
_aK V Tirumalesh _dಕೆ ವಿ ತಿರುಮಲೇಶ್ _9215937 |
||
| 906 | _a043498 | ||
| 942 |
_2ddc _cBK |
||
| 999 |
_c92862 _d92862 |
||